000 00409nam a2200133Ia 4500
008 151001s9999||||xx |||||||||||||| ||und||
100 _aगिरीश जाखोटिया
245 _aऐका मारवाड्याची गोष्ट
250 _a1
260 _bराजेंद्र प्रकाशन ठाणे
260 _c2006
300 _a257
365 _b21
999 _c987103
_d987100